[Event "Helmond Rapid op"]
[Site "Helmond"]
[Date "2024.06.15"]
[Round "9"]
[White "Adavatkar, Rugved"]
[Black "Cakmak, Metehan Tugra"]
[Result "1-0"]
[WhiteElo "1837"]
[BlackElo "1771"]
[PlyCount "129"]
[EventDate "2024.06.15"]
[EventType "swiss (rapid)"]
[EventRounds "9"]
[EventCountry "NED"]
[SourceTitle "CBM 220 Extra"]
[Source "ChessBase"]
[SourceDate "2024.07.31"]
[SourceVersion "1"]
[SourceVersionDate "2024.07.31"]
[SourceQuality "1"]

1. c3 Nf6 2. Qc2 d5 3. Nf3 Nc6 4. d4 g6 5. Bf4 Bf5 6. Qb3 Na5 7. Qa4+ c6 8. e3 Qb6 9. b4 Nc4 10. Bxc4 dxc4 11. Ne5 Qb5 12. Qxb5 cxb5 13. a4 Bg7 14. axb5 Be6 15. Nd2 Nd5 16. Ra3 Nxf4 17. exf4 Bh6 18. g3 Bd5 19. f3 0-0 20. 0-0 Rfc8 21. Re1 e6 22. Ne4 Bf8 23. Nd7 Bxe4 24. fxe4 Be7 25. Nc5 a5 26. bxa6 bxa6 27. Rea1 Bxc5 28. bxc5 Rc6 29. Ra5 Kf8 30. Kf2 Ke7 31. Rb1 Ra7 32. Ke3 Rd7 33. Rb8 f5 34. e5 Ra7 35. Rb4 h5 36. h4 Kd7 37. Rxc4 Kc7 38. Rb4 Rb7 39. Kd3 Kc8 40. Kc4 Rd7 41. Rb6 Rxb6 42. cxb6 Kb7 43. Kc5 Rd5+ 44. Kb4 Rd7 45. Rc5 Kxb6 46. Rc8 a5+ 47. Ka4 Kb7 48. Rc5 Kb6 49. Rb5+ Kc6 50. Rxa5 Rb7 51. Rc5+ Kd7 52. Ka5 Ra7+ 53. Kb6 Ra3 54. Rc7+ Ke8 55. Kc6 Rxc3+ 56. Kd6 Rxg3 57. Kxe6 Kf8 58. d5 Rf3 59. Kf6 Ke8 60. e6 Kd8 61. d6 Rd3 62. e7+ Ke8 63. d7+ Rxd7 64. Rc8+ Rd8 65. Rxd8# 1-0

[Event "Helmond Rapid op"]
[Site "Helmond"]
[Date "2024.06.15"]
[Round "7"]
[White "Adavatkar, Rugved"]
[Black "Osinga Reiber, Marjolein"]
[Result "1-0"]
[WhiteElo "1837"]
[BlackElo "1569"]
[PlyCount "95"]
[EventDate "2024.06.15"]
[EventType "swiss (rapid)"]
[EventRounds "9"]
[EventCountry "NED"]
[SourceTitle "CBM 220 Extra"]
[Source "ChessBase"]
[SourceDate "2024.07.31"]
[SourceVersion "1"]
[SourceVersionDate "2024.07.31"]
[SourceQuality "1"]

1. c3 Nf6 2. d4 d6 3. Nf3 g6 4. h3 Bg7 5. Nbd2 0-0 6. e4 Nbd7 7. Bc4 e5 8. 0-0 a6 9. Re1 Rb8 10. d5 Nb6 11. Bb3 Bd7 12. a4 a5 13. Nc4 Nxc4 14. Bxc4 c6 15. Bg5 Qc7 16. Bb3 Rfe8 17. Qd2 cxd5 18. Bxf6 Bxf6 19. Qxd5 Be6 20. Qb5 Bd7 21. Qd3 Be7 22. Rad1 Be6 23. Qb5 Qc5 24. Bxe6 fxe6 25. Qxc5 dxc5 26. Nxe5 Red8 27. Nc4 Bg5 28. g3 Be7 29. f4 b6 30. Kf2 b5 31. Nxa5 Rdc8 32. Rd7 bxa4 33. Nc4 Bf8 34. Ra1 Rd8 35. Rxd8 Rxd8 36. Rxa4 Rd1 37. Ra8 Kg7 38. Ra7+ Kg8 39. Rc7 Rc1 40. Kf3 Bg7 41. e5 Bf8 42. Kg4 Rh1 43. Rb7 Rh2 44. Na5 h6 45. Nc6 Rc2 46. Nd8 Rd2 47. Nxe6 Rd5 48. Rb8 1-0

[Event "Helmond Rapid op"]
[Site "Helmond"]
[Date "2024.06.15"]
[Round "8"]
[White "Baselmans, Sam"]
[Black "Adavatkar, Rugved"]
[Result "1-0"]
[WhiteElo "2239"]
[BlackElo "1837"]
[PlyCount "49"]
[EventDate "2024.06.15"]
[EventType "swiss (rapid)"]
[EventRounds "9"]
[EventCountry "NED"]
[SourceTitle "CBM 220 Extra"]
[Source "ChessBase"]
[SourceDate "2024.07.31"]
[SourceVersion "1"]
[SourceVersionDate "2024.07.31"]
[SourceQuality "1"]

1. e4 e5 2. Nf3 Nc6 3. Bc4 f5 4. d3 Nf6 5. Nc3 d6 6. a4 fxe4 7. dxe4 Bg4 8. Be3 Qe7 9. 0-0 0-0-0 10. Re1 Nd4 11. Bxd4 exd4 12. Qxd4 Kb8 13. Nd5 Qd7 14. e5 c5 15. Qf4 Nh5 16. Qe3 Qf5 17. e6 Re8 18. e7 Bxe7 19. Nxe7 Qf6 20. Qg5 Rxe7 21. Rxe7 Qxb2 22. Rae1 Nf6 23. Bd5 Bd7 24. Qxg7 Rg8 25. Bxg8 1-0

[Event "Helmond Rapid op"]
[Site "Helmond"]
[Date "2024.06.15"]
[Round "2"]
[White "Van Dijken, Rex"]
[Black "Adavatkar, Rugved"]
[Result "1-0"]
[WhiteElo "2080"]
[BlackElo "1837"]
[PlyCount "111"]
[EventDate "2024.06.15"]
[EventType "swiss (rapid)"]
[EventRounds "9"]
[EventCountry "NED"]
[SourceTitle "CBM 220 Extra"]
[Source "ChessBase"]
[SourceDate "2024.07.31"]
[SourceVersion "1"]
[SourceVersionDate "2024.07.31"]
[SourceQuality "1"]

1. d4 d5 2. Nf3 Nf6 3. Bf4 h6 4. c4 c6 5. Nc3 Nbd7 6. e3 dxc4 7. Bxc4 b5 8. Bb3 e6 9. Rc1 Bb7 10. h3 Bb4 11. 0-0 0-0 12. a3 Be7 13. Qe2 Nd5 14. Bg3 Nxc3 15. Rxc3 b4 16. axb4 Bxb4 17. Rcc1 a5 18. Ne5 Ba6 19. Bc4 Bxc4 20. Qxc4 Nxe5 21. Bxe5 Rc8 22. e4 c5 23. d5 exd5 24. exd5 Re8 25. Bg3 Qf6 26. b3 Rcd8 27. Rfd1 Qg6 28. Bc7 Re4 29. Qb5 Rde8 30. d6 Qf6 31. d7 Rf8 32. d8Q Rxd8 33. Rxd8+ Kh7 34. Qd3 Qg6 35. Qg3 Qe6 36. Rcd1 c4 37. bxc4 Be7 38. R8d7 Bf6 39. c5 Bh4 40. Qd3 f5 41. Rd5 Be7 42. Bd6 Bf6 43. f3 Re1+ 44. Kh2 Be5+ 45. Bxe5 Rxe5 46. Rxe5 Qxe5+ 47. g3 Qxc5 48. g4 Qe5+ 49. Kg2 Qb2+ 50. Rd2 Qb6 51. Qxf5+ Kg8 52. Qd5+ Kh7 53. Qd4 Qe6 54. Qe4+ Qg6 55. Qxg6+ Kxg6 56. Ra2 1-0